00814nas a2200241Ia 4500001001600000003001000016008004100026040002500067041001200092100001700104210002200121222002200143240007100165245007100236250001100307260000900318501012300327300001400450362003400464500004000498650002300538700001100561A07/R086-35164 IT-MiCISF161014c99999999xx |||||||||||| ||und|| aIT-MiCISFcIT-MiCISF aINGLESE aSerra Angelo aMedicina e morale aMedicina e morale aThe Human Embryo: A Disposable "Mass of Cells" or a "Human Being"? 4aThe Human Embryo: A Disposable "Mass of Cells" or a "Human Being"? a1a ed. c2002 bCISF - Centro Internazionale Studi Famiglia - Via Giotto, 36 20145 MILANO (non commercial uses only)cCopyright 2016 app. 63-80 an. 1, gennaio-febbraio [2002] a Tema: bioetica, embrione, genetica aBIOETICAvarticolo aAA.VV.